Vista normal
Vista MARC
Entrada Personal Name
Número de registros utilizados en: 1
001 - CONTROL NUMBER
- control field: 277
003 - CONTROL NUMBER IDENTIFIER
- control field: OSt
005 - DATE AND TIME OF LATEST TRANSACTION
- control field: 20200210082117.0
008 - FIXED-LENGTH DATA ELEMENTS
- fixed length control field: 200210|| aca||aabn | a|a d
040 ## - CATALOGING SOURCE
- Original cataloging agency: OSt
- Transcribing agency: OSt
100 ## - HEADING--PERSONAL NAME
- Personal name: Creus Solé, Antonio,
670 ## - SOURCE DATA FOUND
- Source citation: Work cat.: (OSt): Creus Solé, Antonio, autor, Energías renovables / , 2014